Guía del viajero en Colombia. (Record no. 76676)

MARC details
000 -LEADER
campo de control de longitud fija 00390nam a2200157 i 4500
001 - NÚMERO DE CONTROL
campo de control 76676
003 - IDENTIFICADOR DE NÚMERO DE CONTROL
campo de control ES-MaACL
005 - FECHA Y HORA DE LA ÚLTIMA TRANSACCIÓN
campo de control 20230906172922.0
007 - CAMPO FIJO DE DESCRIPCIÓN FÍSICA--INFORMACIÓN GENERAL
campo de control de longitud fija t|
008 - DATOS DE LONGITUD FIJA--INFORMACIÓN GENERAL
campo de control de longitud fija 041004s1925 ck ||||1| spa d
245 00 - MENCIÓN DEL TÍTULO
Título Guía del viajero en Colombia.
250 ## - MENCION DE EDICION
Mención de edición [1ª ed.].
260 ## - PUBLICACIÓN, DISTRIBUCIÓN, ETC.
Lugar de publicación, distribución, etc. Barranquilla :
Nombre del editor, distribuidor, etc. Salvador López,
Fecha de publicación, distribución, etc. 1925.
300 ## - DESCRIPCIÓN FÍSICA
Extensión 140 p., 1 lám.
852 ## - LOCALIZACIÓN
Ubicación ES-MaACL
Número de control de estantería 1690-F-5
Holdings
Estatus retirado Estado de pérdida Estado de daño No para préstamo Colección Biblioteca de origen Biblioteca actual Ubicación en estantería Fecha de adquisición Fuente de adquisición Total de préstamos Signatura topográfica completa Código de barras Visto por última vez Precio de reemplazo Tipo de ítem Koha
        Colección de folletos Biblioteca del Ateneo de Madrid Biblioteca del Ateneo de Madrid Depósito folletos 17/01/2008     1690-F-5 1080233 23/02/2023 23/02/2023 Folleto